What is Christianity? (Record no. 1995)

MARC details
000 -LEADER
fixed length control field 00664nam a2200229 4500
001 - CONTROL NUMBER
control field 2657031
003 - CONTROL NUMBER IDENTIFIER
control field GBCCL
005 - DATE AND TIME OF LATEST TRANSACTION
control field 20241126110414.0
008 - FIXED-LENGTH DATA ELEMENTS--GENERAL INFORMATION
fixed length control field 710713s1970 ii 001 0 eng
010 ## -
-- 70916147
040 ## - CATALOGING SOURCE
Original cataloging agency DLC
Transcribing agency DLC
Modifying agency DLC
050 00 -
-- BT60
-- .B69
082 ## - DEWEY DECIMAL CLASSIFICATION NUMBER
Classification number 230
Item number BOY
100 1# - MAIN ENTRY--PERSONAL NAME
Personal name Boyd, Robin H. S.,
Dates associated with a name 1924-
9 (RLIN) 4099
245 10 - TITLE STATEMENT
Title What is Christianity?
Statement of responsibility, etc. [by] Robin Boyd.
260 ## - PUBLICATION, DISTRIBUTION, ETC.
Place of publication, distribution, etc. [Madras]
Name of publisher, distributor, etc. Christian Literature Society
Date of publication, distribution, etc. [1970]
300 ## - PHYSICAL DESCRIPTION
Extent 185 p.
Dimensions 18 cm.
350 ## - PRICE (NR) (BK AM CF MU VM SE) [OBSOLETE]
Price Rs2.75
-- ($0.50 U.S.)
650 #0 - SUBJECT ADDED ENTRY--TOPICAL TERM
Topical term or geographic name entry element Christianity
General subdivision Essence, genius, nature.
9 (RLIN) 1099
906 ## - LOCAL DATA ELEMENT F, LDF (RLIN)
a 7
b cbc
c orignew
d 4
e ncip
f 19
g y-gencatlg
942 ## - ADDED ENTRY ELEMENTS (KOHA)
Source of classification or shelving scheme Dewey Decimal Classification
Koha item type Books
Koha issues (borrowed), all copies 3
Holdings
Withdrawn status Lost status Source of classification or shelving scheme Damaged status Not for loan Home library Current Library Shelving location Date acquired Total checkouts Full call number Barcode Date last seen Date last checked out Copy number Price effective from Koha item type
    Dewey Decimal Classification     GRACE BIBLE COLLEGE GRACE BIBLE COLLEGE Theology 2017-06-06 3 230 BOY 003919 2025-05-01 2023-10-17 c.1 2017-06-06 Books
© Grace Bible College Library 2025